000 00611nam a2200157 a 4500
001 000030819
005 20200930062529.0
008 110531s1959 es 000 0 spa d
040 _aDO-SdBNP
_bspa
_cBNPHU
100 1 _aSanz, Carlos
_d1903-1979
_941418
245 1 3 _aEl gran secreto de la carta de Colón :
_b(crítica histórica) y otras adiciones a la Bibliotheca Americana Vetustissima /
_cCarlos Sanz.
260 _aMadrid :
_bLibrería General Victoriano Suárez,
_c1959.
300 _a553 p. :
_bil. ;
_c26 cm.
500 _aIncluye referencias bibliográficas y notas al pie de las páginas
049 _aBNPD
999 _c30311
_d30311